| 000 | 00554cam a2200205ua 4500 | ||
|---|---|---|---|
| 001 | 2379 | ||
| 005 | 20260515113459.0 | ||
| 008 | 110808n ii |||gr||||Z||||||eng | ||
| 020 | _a0-333-08318-0 | ||
| 040 | _cMAIN | ||
| 082 | _a327.09041093 | ||
| 100 | 1 | _aCarr, C H., | |
| 245 |
_aInternational relations between the two World Wars, 1919-1939 _cBy C H Carr. |
||
| 250 | _a1st. | ||
| 260 |
_aLondon: _bMcmillan. |
||
| 300 |
_a303 p.: _c23 p. |
||
| 653 | _aPolitical science | ||
| 653 | _aInternational relations between two world wars. | ||
| 942 | _cBK | ||
| 999 |
_c2234 _d2234 |
||